[Event "CZECH OPEN  2007 "]
[Site "CEZ arena,  Pardubice  (CZE)"]
[Date "2007.07.28"]
[Round "9"]
[White "Boskovic, Drasko"]
[Black "Dinger, Florian"]
[Result "0-1"]
[WhiteElo "2473"]
[BlackElo "2332"]
[PlyCount "113"]
[EventDate "2007.07.20"]

1. e4 c5 2. Nf3 d6 3. Bc4 Nf6 4. d3 Nc6 5. c3 a6 6. Bb3 Bg4 7. h3 Bxf3 8. Qxf3
e6 9. O-O Be7 10. Nd2 O-O 11. Re1 Rc8 12. Qe2 d5 13. e5 Nd7 14. Nf3 b5 15. Bc2
Qb6 16. h4 Rce8 17. Bg5 f6 18. exf6 Bxf6 19. Bxf6 Rxf6 20. d4 e5 21. dxe5 Ncxe5
22. Nxe5 Rxe5 23. Qd3 c4 24. Qg3 Rfe6 25. Rxe5 Rxe5 26. Qg4 Nf6 27. Qf4 Re2 28.
Rc1 g6 29. b3 Nh5 30. Qf3 Qe6 31. bxc4 bxc4 32. Bb1 Kg7 33. Rf1 Qe5 34. g3 Nf6
35. Kg2 h5 36. Qf4 Qxf4 37. gxf4 Rb2 38. Kg3 Kf7 39. Re1 a5 40. f3 Ng8 41. f5
gxf5 42. Bxf5 Ne7 43. Bb1 a4 44. Kf4 Kf6 45. Rg1 a3 46. Rd1 Rh2 47. Kg3 Rb2 48.
Kf4 d4 49. Ke4 d3 50. Bxd3 cxd3 51. Rxd3 Rxa2 52. Rd6+ Kf7 53. Ra6 Ra1 54. Kd4
Nf5+ 55. Kc4 Nxh4 56. Rh6 Rb1 57. Ra6 0-1

[Event "CZECH OPEN  2007 "]
[Site "CEZ arena,  Pardubice  (CZE)"]
[Date "2007.07.28"]
[Round "9"]
[White "Adla, Diego"]
[Black "Krensing, Jan"]
[Result "1-0"]
[WhiteElo "2472"]
[BlackElo "2325"]
[PlyCount "115"]
[EventDate "2007.07.20"]

1. c4 c5 2. Nf3 g6 3. e4 Bg7 4. d4 cxd4 5. Nxd4 Nc6 6. Nc2 d6 7. Be2 Nf6 8. Nc3
Nd7 9. Bd2 a5 10. O-O O-O 11. Kh1 Nc5 12. f3 Nb4 13. Ne3 Nc6 14. Rc1 Bd7 15.
Ned5 e6 16. Nf4 Nd4 17. Be3 e5 18. Nfd5 Bc6 19. Nb5 Nce6 20. Qd2 Rc8 21. Rfd1
f5 22. exf5 gxf5 23. Bf1 Rf7 24. Re1 Kh8 25. Bxd4 Nxd4 26. Nxd4 exd4 27. f4
Bxd5 28. cxd5 Rc5 29. Bd3 b6 30. Re6 Rxd5 31. Rce1 Rf8 32. g3 Rc5 33. Qe2 Qa8+
34. Kg1 Qd5 35. a3 Rc7 36. Qh5 Rc1 37. Qe2 Rxe1+ 38. Qxe1 Qf3 39. Qf1 Qd5 40.
Qe2 h6 41. Re8 Qf7 42. Re6 Qc7 43. Kg2 Qc6+ 44. Kh3 Qd5 45. a4 Qb3 46. Re8 Qg8
47. Rxf8 Qxf8 48. Qe6 Qf6 49. Qc8+ Qf8 50. Qxf8+ Bxf8 51. Bxf5 Kg7 52. g4 Kf6
53. Bd3 d5 54. Kg3 Bb4 55. h4 Be1+ 56. Kh3 Kg7 57. g5 h5 58. f5 1-0

[Event "CZECH OPEN  2007 "]
[Site "CEZ arena,  Pardubice  (CZE)"]
[Date "2007.07.28"]
[Round "9"]
[White "Zolotukhin, Valery"]
[Black "Boros, Denes"]
[Result "1/2-1/2"]
[WhiteElo "2298"]
[BlackElo "2460"]
[PlyCount "126"]
[EventDate "2007.07.20"]

1. e4 c5 2. Nf3 e6 3. d4 cxd4 4. Nxd4 a6 5. Bd3 Nf6 6. O-O d6 7. Kh1 Nbd7 8. f4
g6 9. Nc3 Bg7 10. Nf3 O-O 11. Qe1 b5 12. a3 Nc5 13. Bd2 Bb7 14. b4 Nxd3 15.
cxd3 Rc8 16. Rc1 Re8 17. Qh4 Nh5 18. Qh3 f5 19. g4 fxe4 20. gxh5 exf3 21. Ne4
Rxc1 22. Rxc1 gxh5 23. Qxf3 Kh8 24. Qxh5 Bb2 25. Rc2 Bd4 26. Bc3 Bxc3 27. Rxc3
Rf8 28. Qh6 Rg8 29. Rc1 Rg6 30. Qh3 d5 31. Ng3 d4+ 32. Ne4 Qd5 33. Qf3 Qa2 34.
Rg1 Rxg1+ 35. Kxg1 Qxa3 36. f5 Qc1+ 37. Kg2 Qc2+ 38. Kh3 exf5 39. Qg3 f4 40.
Qxf4 Qxd3+ 41. Ng3 Qf3 42. Qxd4+ Kg8 43. Kh4 Kf7 44. Kg5 Ke6 45. Kh6 Qg2 46.
Kg7 h5 47. Qe3+ Kd7 48. Qd4+ Bd5 49. Kh6 Ke6 50. Qb6+ Kd7 51. Qa7+ Bb7 52. Qd4+
Kc7 53. Qe5+ Kd7 54. Qf5+ Kd6 55. Qc5+ Kd7 56. Qf5+ Kd8 57. Qxh5 Qb2 58. Qg5+
Kc7 59. Qf4+ Kd7 60. Qf5+ Ke7 61. Qc5+ Kd7 62. Qf5+ Ke7 63. Qc5+ Kd7 1/2-1/2

[Event "CZECH OPEN  2007 "]
[Site "CEZ arena,  Pardubice  (CZE)"]
[Date "2007.07.28"]
[Round "9"]
[White "Kuljasevic, Davorin"]
[Black "Sabol, Marian"]
[Result "1-0"]
[WhiteElo "2454"]
[BlackElo "2285"]
[PlyCount "44"]
[EventDate "2007.07.20"]

1. d4 d5 2. c4 c6 3. Nf3 Nf6 4. Nc3 dxc4 5. a4 Bf5 6. Ne5 Na6 7. e3 Nb4 8. Bxc4
e6 9. O-O Be7 10. Qe2 Bg6 11. Rd1 Bh5 12. g4 Bg6 13. h4 Nfd5 14. h5 f6 15. hxg6
fxe5 16. e4 Nf4 17. Bxf4 exf4 18. d5 Qc7 19. d6 Bxd6 20. e5 Be7 21. Bxe6 hxg6
22. Qe4 Rh6 1-0

[Event "CZECH OPEN  2007 "]
[Site "CEZ arena,  Pardubice  (CZE)"]
[Date "2007.07.28"]
[Round "9"]
[White "Markgraf, Alexander"]
[Black "Schuh, Dirk"]
[Result "1/2-1/2"]
[WhiteElo "2452"]
[BlackElo "2275"]
[PlyCount "89"]
[EventDate "2007.07.20"]

1. e4 e6 2. d4 d5 3. e5 c5 4. c3 Bd7 5. Nf3 a6 6. Bd3 cxd4 7. cxd4 Bb5 8. O-O
Nc6 9. Bxb5 axb5 10. Nc3 b4 11. Ne2 Nge7 12. Ng3 h5 13. Bg5 Qb6 14. a3 h4 15.
Ne2 Nf5 16. axb4 Ra6 17. Rxa6 Qxa6 18. b5 Qxb5 19. Qa1 Qa6 20. Qxa6 bxa6 21.
Ra1 Nb8 22. Ra4 Be7 23. Bxe7 Kxe7 24. Rb4 Nd7 25. Kf1 Rb8 26. Rxb8 Nxb8 27. Ke1
Nc6 28. Kd2 f6 29. h3 Kf7 30. Kc3 g5 31. Nc1 fxe5 32. dxe5 Kg6 33. Nd3 Ng7 34.
g4 hxg3 35. fxg3 Nf5 36. g4 Ng3 37. Nc5 Ne2+ 38. Kd2 Nf4 39. Nxa6 Nxh3 40. b4
Nf2 41. b5 Na5 42. Nc5 Nxg4 43. Nxe6 Nxe5 44. Nxe5+ Kf5 45. Nxg5 1/2-1/2

[Event "CZECH OPEN  2007 "]
[Site "CEZ arena,  Pardubice  (CZE)"]
[Date "2007.07.28"]
[Round "9"]
[White "Kuznetsov, Viktor"]
[Black "Jedlicka, Ales"]
[Result "1/2-1/2"]
[WhiteElo "2448"]
[BlackElo "2265"]
[PlyCount "58"]
[EventDate "2007.07.20"]

1. e4 c5 2. Nf3 d6 3. d4 cxd4 4. Nxd4 Nf6 5. Nc3 a6 6. Bg5 e6 7. f4 Be7 8. Qf3
Qc7 9. O-O-O Nbd7 10. g4 h6 11. Bxf6 Bxf6 12. h4 Qb6 13. Nde2 Nc5 14. g5 Be7
15. Kb1 Bd7 16. f5 O-O-O 17. Rg1 hxg5 18. hxg5 Kb8 19. Bh3 Rc8 20. Nf4 Rhf8 21.
Qe3 Bd8 22. Qd2 Rh8 23. Rg3 Rh4 24. fxe6 fxe6 25. Ng6 Rxe4 26. Nf8 Re5 27. Ng6
Re4 28. Nf8 Re5 29. Ng6 Re4 1/2-1/2

[Event "CZECH OPEN  2007 "]
[Site "CEZ arena,  Pardubice  (CZE)"]
[Date "2007.07.28"]
[Round "9"]
[White "Gorovets, Andrei"]
[Black "Jovanovic, Zoran"]
[Result "0-1"]
[WhiteElo "2364"]
[BlackElo "2537"]
[PlyCount "74"]
[EventDate "2007.07.20"]

1. e4 d6 2. d4 Nf6 3. f3 e5 4. d5 Be7 5. Be3 Nh5 6. Qd2 h6 7. Bd3 Bg5 8. Ne2 c6
9. c4 Na6 10. Nbc3 Bxe3 11. Qxe3 Qg5 12. Kf2 Bd7 13. a3 g6 14. b4 c5 15. Rab1
b6 16. g4 Qh4+ 17. Kg2 Ng7 18. Nb5 h5 19. h3 Ke7 20. g5 f6 21. f4 fxg5 22. fxg5
Rhf8 23. Nbc3 Rf7 24. b5 Raf8 25. Ng3 Bxh3+ 26. Rxh3 Rf2+ 27. Qxf2 Rxf2+ 28.
Kxf2 Qxh3 29. Rh1 Qg4 30. bxa6 Qf4+ 31. Ke2 Qxg3 32. Rf1 h4 33. Nb5 Nh5 34.
Nxa7 Nf4+ 35. Rxf4 exf4 36. Nc6+ Kf7 37. a7 Qe3+ 0-1

[Event "CZECH OPEN  2007 "]
[Site "CEZ arena,  Pardubice  (CZE)"]
[Date "2007.07.28"]
[Round "9"]
[White "Sodoma, Jan"]
[Black "Petr, Martin"]
[Result "0-1"]
[WhiteElo "2334"]
[BlackElo "2453"]
[PlyCount "36"]
[EventDate "2007.07.20"]

1. e4 e6 2. d4 d5 3. e5 c5 4. c3 Nc6 5. Nf3 Bd7 6. dxc5 Bxc5 7. Bd3 f6 8. Qe2
fxe5 9. Nxe5 Nxe5 10. Qxe5 Nf6 11. O-O O-O 12. Be3 Bb6 13. Bd4 Bc7 14. Qe2 e5
15. Bxe5 Ng4 16. f4 Bxe5 17. fxe5 Qb6+ 18. Kh1 Rxf1+ 0-1

[Event "CZECH OPEN  2007 "]
[Site "CEZ arena,  Pardubice  (CZE)"]
[Date "2007.07.28"]
[Round "9"]
[White "Pozin, Sergey"]
[Black "Abel, Dennes"]
[Result "1-0"]
[WhiteElo "2450"]
[BlackElo "2341"]
[PlyCount "41"]
[EventDate "2007.07.20"]

1. Nf3 Nf6 2. c4 c6 3. d4 d5 4. Nc3 dxc4 5. a4 Bf5 6. e3 e6 7. Bxc4 Bb4 8. O-O
O-O 9. Nh4 Qe7 10. Nxf5 exf5 11. Qd3 g6 12. f3 Nbd7 13. e4 Rad8 14. Bg5 h6 15.
Bxh6 Rfe8 16. Bg5 Ne5 17. Bxf6 Qxf6 18. dxe5 Bc5+ 19. Kh1 Qh4 20. Qe2 Kg7 21.
h3 1-0

[Event "CZECH OPEN  2007 "]
[Site "CEZ arena,  Pardubice  (CZE)"]
[Date "2007.07.28"]
[Round "9"]
[White "Klovans, Janis"]
[Black "Jorczik, Julian Marcel"]
[Result "0-1"]
[WhiteElo "2446"]
[BlackElo "2333"]
[PlyCount "106"]
[EventDate "2007.07.20"]

1. e4 c5 2. Nf3 Nc6 3. d4 cxd4 4. Nxd4 Qb6 5. Nb3 Nf6 6. Nc3 e6 7. Bd3 a6 8.
O-O Be7 9. Be3 Qc7 10. f4 d6 11. a4 b6 12. Qf3 Bb7 13. Qf2 Nd7 14. f5 O-O 15.
Qg3 Bf6 16. fxe6 fxe6 17. Qh3 Rae8 18. e5 Ncxe5 19. Bxh7+ Kf7 20. Ne4 Bxe4 21.
Bxe4 d5 22. Bh7 Rh8 23. Bf4 Ke7 24. Rae1 Kd8 25. Re3 Qc4 26. a5 Ng6 27. Bxg6
Rxh3 28. Rxh3 Rf8 29. Bd3 Qc6 30. axb6 Nxb6 31. c3 Nc4 32. Bxc4 Qxc4 33. Nd2
Qb5 34. b4 Be7 35. Rhf3 a5 36. bxa5 Qxa5 37. Rb1 Rf5 38. g4 Rxf4 39. Rxf4 Qxc3
40. Nf1 e5 41. Rf7 Ke8 42. Rxe7+ Kxe7 43. Rb7+ Kf6 44. Kg2 e4 45. Ng3 Qf3+ 46.
Kh3 e3 47. Rb8 Ke7 48. Rb3 d4 49. Kh4 Qf6+ 50. Kh3 e2 51. Rb7+ Kd8 52. Rb8+ Kc7
53. Re8 Qh6+ 0-1

[Event "CZECH OPEN  2007 "]
[Site "CEZ arena,  Pardubice  (CZE)"]
[Date "2007.07.28"]
[Round "9"]
[White "Krzesaj, Robert"]
[Black "Pokazanjev, Nikolai"]
[Result "0-1"]
[WhiteElo "2323"]
[BlackElo "2443"]
[PlyCount "120"]
[EventDate "2007.07.20"]

1. Nf3 Nf6 2. g3 d5 3. Bg2 c6 4. O-O Bf5 5. d3 Nbd7 6. Nbd2 h6 7. Qe1 e6 8. e4
Bh7 9. Qe2 Qc7 10. b3 Be7 11. Bb2 O-O 12. h3 a5 13. a4 b5 14. Nh2 bxa4 15. Rxa4
Nb6 16. Ra2 a4 17. Rfa1 axb3 18. Rxa8 Rxa8 19. Rxa8+ Nxa8 20. Nxb3 Nb6 21. Ng4
Nxg4 22. Qxg4 Bf8 23. Bd4 Nd7 24. Bc3 e5 25. Ba5 Qd6 26. exd5 cxd5 27. Qa4 Nf6
28. Qb5 Bf5 29. Bb6 Qb8 30. Qc6 Bd6 31. Ba7 Qb4 32. Kh2 d4 33. Bc5 Bxc5 34.
Qxc5 Qxc5 35. Nxc5 Nd7 36. Nb3 Be6 37. Na5 Kf8 38. Nc6 Ba2 39. Kg1 Bb1 40. Nb4
Ke7 41. Kf1 Kd6 42. Ke1 Kc5 43. Na6+ Kb6 44. Nb4 Kb5 45. Nc6 Bxc2 46. Kd2 Bb3
47. f4 Kc5 48. fxe5 Ba4 49. Ne7 Nxe5 50. Nf5 Bb5 51. Bf1 g6 52. Nxh6 Kd6 53.
Be2 f5 54. g4 f4 55. g5 f3 56. Bf1 Bd7 57. Ng8 Be6 58. Nf6 Nf7 59. Ne4+ Ke5 60.
Ke1 Kf5 0-1

[Event "CZECH OPEN  2007 "]
[Site "CEZ arena,  Pardubice  (CZE)"]
[Date "2007.07.28"]
[Round "9"]
[White "Lagerman, Robert"]
[Black "Kulhanek, Tomas"]
[Result "0-1"]
[WhiteElo "2315"]
[BlackElo "2428"]
[PlyCount "82"]
[EventDate "2007.07.20"]

1. e4 c5 2. Nf3 Nc6 3. d4 cxd4 4. Nxd4 g6 5. c4 Bg7 6. Be3 d6 7. Nc3 Nf6 8. Be2
O-O 9. O-O Bd7 10. Rc1 Nxd4 11. Bxd4 Bc6 12. f3 Nd7 13. Be3 a5 14. b3 Nc5 15.
Qd2 Qb6 16. Rcd1 Rfc8 17. Nb5 Qd8 18. Nd4 Qf8 19. Rb1 f5 20. exf5 gxf5 21. a3
Bd7 22. b4 axb4 23. axb4 Ne6 24. Nb3 f4 25. Bf2 Qf6 26. c5 Ba4 27. Bc4 Kh8 28.
Qd5 Nc7 29. Qxb7 e5 30. Bd5 Rab8 31. Qa7 Nxd5 32. Qxa4 Nc3 33. Qd7 Qf8 34. Qe6
Rxb4 35. Rbc1 Qg8 36. Qxg8+ Kxg8 37. Na5 Ra4 38. Nb3 Ra3 39. Nd4 Nd1 40. Rcxd1
Rd8 41. c6 Rc3 0-1

[Event "CZECH OPEN  2007 "]
[Site "CEZ arena,  Pardubice  (CZE)"]
[Date "2007.07.28"]
[Round "9"]
[White "Musakaev, Emil"]
[Black "Cernousek, Lukas"]
[Result "1-0"]
[WhiteElo "2288"]
[BlackElo "2405"]
[PlyCount "89"]
[EventDate "2007.07.20"]

1. e4 c5 2. Nf3 d6 3. d4 Nf6 4. Nc3 cxd4 5. Nxd4 g6 6. Be3 Bg7 7. f3 O-O 8. Qd2
Nc6 9. O-O-O Nxd4 10. Bxd4 Be6 11. Kb1 Qc7 12. g4 Rfc8 13. h4 Qa5 14. a3 Rab8
15. h5 b5 16. h6 b4 17. Nb5 Bh8 18. Qxb4 Qxb4 19. axb4 a6 20. Na7 Rc7 21. b5
axb5 22. Nxb5 Rcb7 23. c4 Nd7 24. Be2 Ne5 25. b3 Nc6 26. Bxh8 Kxh8 27. Kc2 g5
28. Kc3 f6 29. Ra1 Kg8 30. Ra6 Ne5 31. Nd4 Kf7 32. Rha1 Bd7 33. Ra7 Kg6 34.
Rxb7 Rxb7 35. Ra8 Kxh6 36. b4 Nc6 37. Nxc6 Bxc6 38. b5 Bd7 39. Kb4 Rc7 40. b6
Rb7 41. Ka5 Bc6 42. Rc8 Bd7 43. Rd8 Kg7 44. Ka6 Bc6 45. Rc8 1-0

[Event "CZECH OPEN  2007 "]
[Site "CEZ arena,  Pardubice  (CZE)"]
[Date "2007.07.28"]
[Round "9"]
[White "Aliavdin, Nikolai"]
[Black "Bajarani, Ilgar"]
[Result "0-1"]
[WhiteElo "2403"]
[BlackElo "2319"]
[PlyCount "100"]
[EventDate "2007.07.20"]

1. e4 e6 2. d4 d5 3. Nc3 Bb4 4. e5 b6 5. Qg4 Bf8 6. Nf3 Qd7 7. Bb5 c6 8. Ba4 a5
9. a3 Ba6 10. Ne2 Ne7 11. c3 Bd3 12. Qf4 b5 13. Bd1 Qb7 14. Qe3 Bg6 15. Nh4 Nd7
16. Nxg6 hxg6 17. O-O Nf5 18. Qd3 c5 19. f4 c4 20. Qf3 Nb6 21. g4 Nh4 22. Qf2
f6 23. exf6 gxf6 24. Ng3 f5 25. Re1 Kf7 26. g5 Qd7 27. Re3 Bg7 28. Nf1 Rh7 29.
Bd2 Rah8 30. b3 cxb3 31. Bxb3 a4 32. Ba2 Nc8 33. Bb1 Nd6 34. Bd3 Ne4 35. Qe2
Rb8 36. Be1 Qc7 37. Bxb5 Qxf4 38. Bxa4 Qxg5+ 39. Kh1 Bf8 40. Ra2 Bd6 41. c4 f4
42. Rh3 f3 43. Rxf3+ Nxf3 44. Qxf3+ Kg7 45. Rg2 Qc1 46. Qe2 Rf8 47. Kg1 Ng5 48.
Kh1 Qxc4 49. Qxc4 dxc4 50. Bf2 Nh3 0-1

[Event "CZECH OPEN  2007 "]
[Site "CEZ arena,  Pardubice  (CZE)"]
[Date "2007.07.28"]
[Round "9"]
[White "Sondermann, Johannes"]
[Black "Anoshkin, Alexander"]
[Result "1-0"]
[WhiteElo "2192"]
[BlackElo "2386"]
[PlyCount "67"]
[EventDate "2007.07.20"]

1. e4 c5 2. Nf3 Nc6 3. c3 d5 4. exd5 Qxd5 5. d4 e5 6. Be3 cxd4 7. cxd4 Bg4 8.
Be2 exd4 9. Nc3 Bb4 10. O-O Bxc3 11. bxc3 d3 12. Qxd3 Nge7 13. Qc2 O-O 14. Rfd1
Qf5 15. Qb3 Qc8 16. Bc5 b6 17. Bd6 h6 18. h3 Bf5 19. Bb5 Rd8 20. Ne5 Be6 21.
Nxc6 Nxc6 22. Qa4 Na5 23. Qe4 Bc4 24. Ba4 Qe6 25. Qf4 g5 26. Qg3 Bxa2 27. h4 f6
28. hxg5 hxg5 29. Re1 Qc4 30. Be7 Rd3 31. Qh2 Qxa4 32. Qh6 Kf7 33. Qh7+ Ke8 34.
Bxf6+ 1-0

[Event "CZECH OPEN  2007 "]
[Site "CEZ arena,  Pardubice  (CZE)"]
[Date "2007.07.28"]
[Round "9"]
[White "Schlecht, Daniel"]
[Black "Otte, Marco"]
[Result "1/2-1/2"]
[WhiteElo "2380"]
[BlackElo "2216"]
[PlyCount "191"]
[EventDate "2007.07.20"]

1. d4 d5 2. c4 c6 3. Nf3 Nf6 4. e3 a6 5. Bd3 b5 6. cxd5 cxd5 7. O-O Bg4 8. a4
b4 9. Nbd2 Nbd7 10. a5 e5 11. dxe5 Nxe5 12. Be2 Bd6 13. Nxe5 Bxe2 14. Qxe2 Bxe5
15. Nf3 Bd6 16. Bd2 O-O 17. Rfc1 Qd7 18. Nd4 Rfc8 19. Rxc8+ Qxc8 20. Rc1 Qb7
21. Be1 Rc8 22. Rxc8+ Qxc8 23. Qc2 Qxc2 24. Nxc2 Kf8 25. Bxb4 Ke7 26. Kf1 Ne4
27. Ke2 Kd7 28. Bxd6 Nxd6 29. Nd4 g6 30. f3 Kc7 31. b4 Kd7 32. g4 h5 33. gxh5
gxh5 34. Kd3 f5 35. Ke2 Kc7 36. h4 Kd7 37. Kf2 Nc4 38. Nxf5 Ne5 39. Ke2 Nc6 40.
Kd3 Nxb4+ 41. Kd4 Ke6 42. Ng7+ Kd6 43. Nxh5 Nc6+ 44. Kd3 Nxa5 45. Ng3 Nc6 46.
Nf5+ Ke5 47. Nd4 Nd8 48. Kc3 Kf6 49. Kb4 Nb7 50. Kc3 Nd8 51. Ne2 Nc6 52. Nf4
Ke5 53. Nd3+ Kd6 54. Nb4 Ne7 55. Nxa6 Nf5 56. h5 Nxe3 57. h6 d4+ 58. Kd3 Nd5
59. h7 Nf4+ 60. Ke4 Ng6 61. Kf5 Nh8 62. Nb4 Ke7 63. Kg5 Kf7 64. Kh6 Kf6 65.
Nd5+ Kf7 66. Nf4 Kf6 67. Nh5+ Kf7 68. Ng3 Ng6 69. Ne4 Nh8 70. f4 Ng6 71. f5 Nh8
72. f6 Kf8 73. Kg5 d3 74. Kf5 Kf7 75. Nd6+ Kf8 76. Nc4 Ke8 77. Ke6 Kf8 78. Ke5
Kf7 79. Kf5 Kf8 80. Ke6 Ke8 81. Ke5 Kf7 82. Kf5 Kf8 83. Kg5 Nf7+ 84. Kf4 Nh8
85. Kf5 Ke8 86. Nd6+ Kf8 87. Ne4 Kf7 88. Ng5+ Kf8 89. Ne6+ Ke8 90. Nc7+ Kf7 91.
Nd5 d2 92. Nc3 Ke8 93. Ke4 Kf7 94. Ke3 Kxf6 95. Kxd2 Kg6 96. Ke3 1/2-1/2

[Event "CZECH OPEN  2007 "]
[Site "CEZ arena,  Pardubice  (CZE)"]
[Date "2007.07.28"]
[Round "9"]
[White "Soural, Jan"]
[Black "Skomorokhin, Roman"]
[Result "1/2-1/2"]
[WhiteElo "2160"]
[BlackElo "2378"]
[PlyCount "95"]
[EventDate "2007.07.20"]

1. d4 d5 2. Nf3 Nf6 3. c4 e6 4. Nc3 Be7 5. e3 O-O 6. Qc2 Nbd7 7. cxd5 exd5 8.
Bd3 c6 9. Bd2 Re8 10. g4 Nf8 11. g5 Nh5 12. h4 Bd6 13. O-O-O g6 14. Rde1 Be6
15. Kb1 Rc8 16. Ne2 Qc7 17. Rc1 Bd7 18. Ka1 b6 19. Nc3 Qb8 20. Qd1 b5 21. Qg1
a5 22. Nh2 a4 23. Ng4 Bxg4 24. Qxg4 Qa8 25. Qd1 Qa7 26. f4 Ra8 27. f5 b4 28.
Ne2 a3 29. b3 c5 30. Rf1 Rab8 31. Rf3 cxd4 32. Nxd4 Be5 33. Qg1 gxf5 34. Kb1
Bxd4 35. exd4 Ng7 36. h5 Nfe6 37. Be3 Rec8 38. h6 Ne8 39. Rxf5 Rxc1+ 40. Qxc1
Qd7 41. Rf2 Nd6 42. Qh1 Nb5 43. Qf3 Rb7 44. Qf5 Nf8 45. Qf6 Ne6 46. Qf5 Nf8 47.
Qf6 Ne6 48. Qf5 1/2-1/2

[Event "CZECH OPEN  2007 "]
[Site "CEZ arena,  Pardubice  (CZE)"]
[Date "2007.07.28"]
[Round "9"]
[White "Sveshnikov, Vladimir"]
[Black "Alaguzov, Maxat"]
[Result "1/2-1/2"]
[WhiteElo "2378"]
[BlackElo "2200"]
[PlyCount "49"]
[EventDate "2007.07.20"]

1. e4 c6 2. d4 d5 3. exd5 cxd5 4. c4 Nf6 5. Nc3 e6 6. Nf3 Bb4 7. cxd5 Nxd5 8.
Qc2 Nc6 9. Be2 O-O 10. O-O Be7 11. a3 b6 12. Nxd5 Qxd5 13. Bd3 Bb7 14. Bxh7+
Kh8 15. Be4 Nxd4 16. Bxd5 Nxc2 17. Bxb7 Rab8 18. Ra2 Rxb7 19. Bd2 Bf6 20. Bc3
Rd8 21. Bxf6 gxf6 22. b4 Nd4 23. Nxd4 Rxd4 24. g3 Rc7 25. Rb1 1/2-1/2

[Event "CZECH OPEN  2007 "]
[Site "CEZ arena,  Pardubice  (CZE)"]
[Date "2007.07.28"]
[Round "9"]
[White "Weber, Christoph"]
[Black "Barglowski, Filip"]
[Result "0-1"]
[WhiteElo "2131"]
[BlackElo "2377"]
[PlyCount "44"]
[EventDate "2007.07.20"]

1. e4 Nf6 2. e5 Nd5 3. d4 d6 4. c4 Nb6 5. f4 dxe5 6. fxe5 Nc6 7. Be3 Bf5 8. Nc3
e6 9. Nf3 Bg4 10. Qd2 Na5 11. b3 Bb4 12. Qb2 Bxf3 13. gxf3 Qh4+ 14. Bf2 Qf4 15.
a3 Be7 16. c5 Nd5 17. Nxd5 exd5 18. Qc3 Bh4 19. Rd1 O-O 20. Qxa5 Qe3+ 21. Be2
Bxf2+ 22. Kf1 Bh4 0-1

[Event "CZECH OPEN  2007 "]
[Site "CEZ arena,  Pardubice  (CZE)"]
[Date "2007.07.28"]
[Round "9"]
[White "Volodin, Aleksandr"]
[Black "Dauletova, Gulmira"]
[Result "0-1"]
[WhiteElo "2368"]
[BlackElo "2210"]
[PlyCount "86"]
[EventDate "2007.07.20"]

1. d4 Nf6 2. c4 g6 3. Nc3 Bg7 4. e4 d6 5. Be2 O-O 6. Bg5 Nbd7 7. Qd2 c6 8. h4
e5 9. d5 cxd5 10. cxd5 Nc5 11. f3 a5 12. g4 a4 13. Nh3 Qa5 14. Nf2 Bd7 15. Rc1
a3 16. b3 Rfc8 17. Nd3 h5 18. Nxc5 Rxc5 19. Be3 hxg4 20. Bxc5 Qxc5 21. Nd1 Qb6
22. Qe3 Qa5+ 23. Qc3 Qa7 24. Qe3 Qa5+ 25. Kf2 g3+ 26. Kxg3 Nh5+ 27. Kf2 Nf4 28.
h5 Bh6 29. Qc3 Qa7+ 30. Ne3 Rc8 31. Qd2 Rxc1 32. Qxc1 gxh5 33. Bf1 Qd4 34. Rh2
Qb2+ 35. Qc2 Qd4 36. Qc1 Kh7 37. Qe1 Kg6 38. Qc1 Bg5 39. Kg3 h4+ 40. Rxh4 Nh5+
41. Rxh5 Bxe3 42. Qc7 Bf4+ 43. Kh4 Qf2# 0-1

[Event "CZECH OPEN  2007 "]
[Site "CEZ arena,  Pardubice  (CZE)"]
[Date "2007.07.28"]
[Round "9"]
[White "Thiede, Lars"]
[Black "Baryshpolets, Andriy"]
[Result "0-1"]
[WhiteElo "2489"]
[BlackElo "2307"]
[PlyCount "98"]
[EventDate "2007.07.20"]

1. c4 Nf6 2. g3 g6 3. Bg2 Bg7 4. Nc3 O-O 5. d3 d6 6. Nf3 e5 7. O-O Nc6 8. Rb1
a5 9. a3 h6 10. b4 axb4 11. axb4 Be6 12. b5 Ne7 13. Bb2 Qd7 14. Qb3 Bh3 15. Ra1
Rab8 16. Ra7 Nh5 17. Nd5 Bxg2 18. Kxg2 Kh7 19. b6 c6 20. Nc7 c5 21. Nd2 f5 22.
f3 g5 23. Nd5 Nf6 24. e4 Nfxd5 25. cxd5 g4 26. Qa4 Qd8 27. fxg4 Nc8 28. Bc3
fxg4 29. Rxf8 Qxf8 30. Qd7 Nxb6 31. Qxg4 Nc8 32. Ra1 Ne7 33. Nf3 Qc8 34. Qh5
Kg8 35. Nh4 Ra8 36. Rf1 Ra2+ 37. Rf2 Rxf2+ 38. Kxf2 b5 39. Bd2 b4 40. Kg2 b3
41. Qd1 c4 42. Bc3 Qc5 43. dxc4 Qxc4 44. Qe1 Qd3 45. Nf3 Nxd5 46. Bb2 Ne3+ 47.
Kg1 Nc4 48. Qc3 Qxc3 49. Bxc3 b2 0-1

[Event "CZECH OPEN  2007 "]
[Site "CEZ arena,  Pardubice  (CZE)"]
[Date "2007.07.28"]
[Round "9"]
[White "Neuman, Petr"]
[Black "Grabinsky, Vladimir"]
[Result "1/2-1/2"]
[WhiteElo "2437"]
[BlackElo "2288"]
[PlyCount "45"]
[EventDate "2007.07.20"]

1. d4 Nf6 2. c4 e6 3. Nc3 d5 4. cxd5 exd5 5. Bg5 Be7 6. e3 c6 7. Qc2 Nbd7 8.
Bd3 Nf8 9. Nge2 Ne6 10. Bh4 g6 11. O-O O-O 12. Rfb1 a5 13. f3 c5 14. dxc5 Bxc5
15. Bf2 Bd7 16. Nd4 Qb6 17. Na4 Bxa4 18. Qxa4 Rfe8 19. Rd1 Re7 20. Bf1 Kg7 21.
Qb5 Rc8 22. Qxb6 Bxb6 23. Rac1 1/2-1/2

[Event "CZECH OPEN  2007 "]
[Site "CEZ arena,  Pardubice  (CZE)"]
[Date "2007.07.28"]
[Round "9"]
[White "Morawietz, Dieter"]
[Black "Pletnev, Evgeniy"]
[Result "1-0"]
[WhiteElo "2425"]
[BlackElo "2291"]
[PlyCount "72"]
[EventDate "2007.07.20"]

1. e4 c5 2. Nf3 d6 3. d4 cxd4 4. Nxd4 Nf6 5. Nc3 g6 6. Be3 Bg7 7. f3 O-O 8. Qd2
Nc6 9. Bc4 Bd7 10. Bb3 Rc8 11. O-O-O Ne5 12. Kb1 Nc4 13. Bxc4 Rxc4 14. g4 b5
15. g5 Nh5 16. b3 Rc8 17. Ndxb5 Qa5 18. Nd5 Qxb5 19. Nxe7+ Kh8 20. Nxc8 Rxc8
21. Qxd6 Bh3 22. Qe7 Qe8 23. Qxe8+ Rxe8 24. Rd2 Bc3 25. Rd3 Be5 26. f4 Bg7 27.
Rhd1 h6 28. Rd8 Rxd8 29. Rxd8+ Kh7 30. Ra8 hxg5 31. fxg5 Be5 32. Rxa7 Kg7 33.
a4 Nf4 34. Re7 Ne6 35. a5 Bg2 36. Re8 Bxe4 1-0

[Event "CZECH OPEN  2007 "]
[Site "CEZ arena,  Pardubice  (CZE)"]
[Date "2007.07.28"]
[Round "9"]
[White "Turner, Jan"]
[Black "Steiner, Bruno"]
[Result "1-0"]
[WhiteElo "2366"]
[BlackElo "2260"]
[PlyCount "55"]
[EventDate "2007.07.20"]

1. Nf3 c5 2. b3 Nc6 3. Bb2 Nf6 4. e3 d6 5. d4 cxd4 6. exd4 d5 7. Ne5 g6 8. Bb5
Qa5+ 9. Nc3 Qc7 10. O-O Bg7 11. Re1 O-O 12. Bxc6 bxc6 13. Na4 Ne4 14. f3 Nd6
15. Nc5 a5 16. Qd2 Nb7 17. Nxb7 Qxb7 18. a4 Bf5 19. Re2 Rfe8 20. Rae1 Qb6 21.
Ba3 f6 22. Bc5 Qa6 23. g4 Bxc2 24. Nd7 Bxb3 25. Rxe7 Rxe7 26. Rxe7 Rd8 27. Qe3
Kh8 28. Re8+ 1-0

[Event "CZECH OPEN  2007 "]
[Site "CEZ arena,  Pardubice  (CZE)"]
[Date "2007.07.28"]
[Round "9"]
[White "Radovanovic, Jovica"]
[Black "Zhuravleva, Olga"]
[Result "1-0"]
[WhiteElo "2355"]
[BlackElo "2257"]
[PlyCount "119"]
[EventDate "2007.07.20"]

1. e4 e5 2. Nf3 Nc6 3. Bb5 f5 4. Nc3 Nf6 5. Qe2 Bc5 6. exf5 Qe7 7. O-O Nd4 8.
Nxd4 Bxd4 9. Ne4 c6 10. c3 Bb6 11. Ba4 Nxe4 12. Qxe4 O-O 13. d4 d6 14. g4 Qh4
15. Bc2 d5 16. Qg2 exd4 17. Bf4 dxc3 18. bxc3 Bd7 19. Qg3 Qxg3+ 20. Bxg3 Rfe8
21. Rfe1 Ba5 22. Rab1 b5 23. Be5 c5 24. f4 Bc6 25. Red1 Rad8 26. a3 Bb6 27. Kf2
b4 28. axb4 cxb4+ 29. Bd4 Bxd4+ 30. Rxd4 bxc3 31. Rb3 Rc8 32. Rxc3 Bb7 33. Rxc8
Rxc8 34. Bb3 Rc5 35. Rb4 Ba6 36. Ke3 Bc4 37. Kd4 Ra5 38. Bxc4 dxc4 39. Rxc4 h6
40. Ke4 Ra2 41. h4 Re2+ 42. Kf3 Re7 43. Ra4 Kf7 44. h5 Rb7 45. g5 Rc7 46. Ra6
hxg5 47. fxg5 Rc3+ 48. Ke4 Rc7 49. h6 gxh6 50. Rxh6 Kg8 51. Ra6 Rb7 52. Ke5 Kf7
53. Ra4 Rb5+ 54. Kf4 a5 55. Rc4 Rb7 56. g6+ Kg7 57. Kg5 Rb5 58. Rc7+ Kf8 59.
Ra7 Rc5 60. Kh6 1-0